00621nam a2200193Ia 4500008004100000020001500041082001700056100002200073245004300095250000700138260004200145300003100187500001900218600003300237650001500270942000700285952012000292999001500412240925s9999 xx 000 0 und d a8178083817 a808.0066 GER aGerson, Sharon J. 0aTechnical Writing Process and Product  aNA aSingapore:bPearson educationc,2001. axxxiv,973p.bNAfPhotocopy aIncludes Index aHumanities & Natural Science aLiterature cBK 001040708HUMaUITUbUITUd2007-07-30eF.B.Cg150.00l0o808.0066 GERpQ7113r2024-09-25 07:14:29w2024-09-25yBK c9612d9612